Vehicle Producing Countries Quiz Stats

 Plays Quiz Updated Jul 3, 2018

Score 0/20 Timer 04:00
1 Play Today
Country % Correct
United States
99.4%
China
98.5%
Japan
98.2%
Germany
97.8%
France
93.3%
Russia
89.5%
United Kingdom
88.1%
Mexico
88.1%
Canada
84.9%
Spain
84.5%
Country % Correct
Brazil
84.3%
India
83.9%
Slovakia
76.4%
South Korea
75.9%
Indonesia
59.9%
Turkey
48.6%
Italy
44.7%
Iran
44.6%
Thailand
38.6%
Czechia
33.5%

You're not logged in!

Compare scores with friends on all Sporcle quizzes.
OR
Log In

Show Comments

Extras

Top Quizzes Today


Score Distribution

Your Account Isn't Verified!

In order to create a playlist on Sporcle, you need to verify the email address you used during registration. Go to your Sporcle Settings to finish the process.

Report this User

Report this user for behavior that violates our Community Guidelines.

Details: